| 000 | 00796nam a2200241 a 4500 | ||
|---|---|---|---|
| 001 | 000003198 | ||
| 003 | DO-SdBNP | ||
| 005 | 20240510073818.0 | ||
| 007 | ta | ||
| 008 | 090707s2008 dr c 000 0 spa d | ||
| 020 | _a9789945161830 | ||
| 040 |
_aDO-SdBNP _bspa _cBNPHU |
||
| 082 | 4 |
_a927.9223 _bP762v _222 |
|
| 100 |
_aPolanco, Felipe _910110 |
||
| 245 | 1 | 4 |
_aUna vida transformada : _buna muestra más del poder de Dios / _cFelipe de Jesús Polanco Delgado. |
| 260 |
_aSanto Domingo : _bBúho, _c2008. |
||
| 300 |
_a131 p. : _bretrs. ; _c22 cm. |
||
| 500 | _aIncluye datos biográficos del autor en la solapa de la cubierta | ||
| 600 | 1 | 4 |
_aPOLANCO DELGADO, FELIPE DE JESÚS _qBORUGA _910110 |
| 650 | 0 |
_aVida cristiana _9668 |
|
| 910 | _aValidado. Control de calidad MFF | ||
| 942 |
_2ddc _cLBS1 |
||
| 999 |
_c3029 _d3029 |
||